[Event "HCL-B3856"]
[Site "www.playchess.de"]
[Date "2006.02.14"]
[Round "2"]
[White "WStanEvans"]
[Black "ama49"]
[WhiteElo "1410"]
[BlackElo "1194"]
[PlyCount "85"]
[Result "1-0"]

1.e4 {Greetings!}  e5 {Greetings from Scotland}  
2.Nf3 Nc6 3.Bc4 Nf6 4.d3 d5 5.exd5 Na5 6.O-O Nxc4 
7.dxc4 Bd6 8.Re1 O-O 9.Nxe5 Bxe5 10.Rxe5 Re8 
11.Rxe8+ Qxe8 12.Nc3 Bg4 13.f3 Bh5 14.Bf4 c6 
15.Qd2 Rd8 16.Re1 Qd7 17.Ne4 Nxe4 18.fxe4 cxd5 
19.cxd5 Bg6 20.c4 b6 21.e5 Qf5 22.d6 a6 23.b4 h6 
24.c5 bxc5 25.bxc5 Rc8 26.d7 Rd8 27.c6 Qe6 28.Rc1 
f6 29.c7 Rxd7 30.c8Q+ Be8 31.Qdxd7 Qxd7 32.Qxd7 
Bxd7 33.exf6 g5 34.Bd6 Kf7 35.Be7 Bb5 36.Rc8 h5 
37.h3 g4 38.Rh8 gxh3 39.gxh3 Bc4 40.Rxh5 Bxa2 
41.Rh7+ Kg8 42.Rg7+ Kh8 43.h4 1-0

[Event "HCL-A2609"]
[Site "www.playchess.de"]
[Date "2006.02.14"]
[Round "4"]
[White "archship"]
[Black "foinaven"]
[WhiteElo "1273"]
[BlackElo "1439"]
[PlyCount "46"]
[Result "1-0"]

1.e4 c5 2.Nf3 Nc6 3.c3 d6 4.d4 cxd4 5.cxd4 g6 
6.Bb5 a6 7.Bxc6+ bxc6 8.Nc3 Bb7 9.O-O e6 10.Be3 
Nf6 11.Bg5 Be7 12.Bxf6 Bxf6 13.e5 Be7 14.Re1 d5 
15.a3 c5 16.b4 cxb4 17.axb4 Bxb4 18.Qa4+ Qd7 
19.Qxb4 Bc6 20.Ra5 Ra7 21.Rea1 Qb7 22.Qd6 Bd7 
23.Rb1 Qc8 1-0

[Event "HCL-A2587"]
[Site "www.playchess.de"]
[Date "2006.02.14"]
[Round "5"]
[White "foinaven"]
[Black "Kinslayer"]
[WhiteElo "1453"]
[BlackElo "1684"]
[PlyCount "55"]
[Result "0-1"]

1.d4 f5 2.c4 Nf6 3.g3 e6 4.Nc3 Bb4 5.Qb3 Bxc3+ 
6.Qxc3 O-O 7.Bg2 c6 8.Nf3 d5 9.Ne5 Nbd7 10.Bf4 
Nxe5 11.Bxe5 Ng4 12.Bf4 g5 13.h3 gxf4 14.hxg4 fxg3 
15.Qxg3 Qg5 16.Rh5 Qg6 17.f4 Kh8 18.Bf3 fxg4 
19.Rg5 Qf6 20.Rxg4 Qxd4 21.Rd1 Qxb2 22.Kf2 e5 
23.Rh4 Bf5 24.cxd5 e4 25.Bh5 Rfg8 26.Qh2 e3+ 
27.Kf3 Qc2 28.Rd4 0-1

[Event "HCL-A2569"]
[Site "www.playchess.de"]
[Date "2006.02.14"]
[Round "3"]
[White "Maillard"]
[Black "Maahinen"]
[WhiteElo "1522"]
[BlackElo "1691"]
[PlyCount "56"]
[Result "0-1"]

1.Nf3 {Bonne partie!}  Nf6 {Bonjour d' Ottawa, 
Canada}  2.c4 c6 3.Nc3 d5 4.d4 e6 5.c5 Nbd7 6.Bg5 
Be7 7.e3 O-O 8.Qc2 b6 9.b4 a5 10.Bxf6 Nxf6 11.b5 
cxb5 12.Nxb5 bxc5 13.dxc5 Ba6 14.a4 Rc8 15.c6 Bb4+ 
16.Kd1 Ne4 17.Rc1 Bxb5 18.axb5 Nc3+ 19.Qxc3 Bxc3 
20.Rxc3 Qd6 21.Nd4 e5 22.Nc2 Rfd8 23.f3 d4 24.exd4 
exd4 25.Rd3 Qd5 26.Rxd4 Qb3 27.Kc1 Rxd4 28.Nxd4 
{merci pour la partie!}  Qe3+ 0-1

[Event "HCL-C4168"]
[Site "www.playchess.de"]
[Date "2006.02.14"]
[Round "9"]
[White "Skipper_Robert"]
[Black "nichju"]
[WhiteElo "1008"]
[BlackElo "1037"]
[PlyCount "54"]
[Result "0-1"]

1.d4 d5 2.Nc3 Nc6 3.Nf3 Nf6 4.e3 Bf5 5.Bb5 Bd7 
6.h3 e6 7.Bd2 a6 8.Bxc6 Bxc6 9.Ne5 Bd6 10.Qe2 O-O 
11.Nxc6 bxc6 12.e4 dxe4 13.Nxe4 c5 14.dxc5 Be5 
15.c3 Qd5 16.f3 Rab8 17.b4 Nxe4 18.fxe4 Bg3+ 
19.Kd1 Qc6 20.Qg4 Qa4+ 21.Ke2 Qb5+ 22.Kf3 Qd3+ 
23.Be3 Be5 24.Rac1 f5 25.Qh4 fxe4+ 26.Kg4 Qe2+ 
27.Kg5 Rf5+ 0-1

[Event "HCL-A2458"]
[Site "www.playchess.de"]
[Date "2006.02.14"]
[Round "13"]
[White "PCHITT"]
[Black "tiit145"]
[WhiteElo "1460"]
[BlackElo "1547"]
[PlyCount "58"]
[Result "0-1"]

1.f4 Nh6 2.e4 d5 3.e5 Bg4 4.Be2 Bxe2 5.Qxe2 Nc6 
6.Nf3 Nf5 7.g4 Ncd4 8.Qd3 Nxf3+ 9.Qxf3 Nd4 10.Qd3 
c5 11.c3 Nc6 12.Qb5 Qd7 13.h3 e6 14.Qe2 d4 15.d3 
Ne7 16.Nd2 dxc3 17.bxc3 O-O-O 18.Ne4 Qb5 19.Nd6+ 
Rxd6 20.exd6 Nc6 21.f5 Bxd6 22.fxe6 {Merry 
Christmas}  Re8 23.O-O f6 24.c4 Nd4 25.Qe4 {Sorry 
for this interruption}  Qb6 26.Qxh7 Qd8 27.Qe4 
Rxe6 28.Qg2 Ne2+ 29.Kh1 Ng3+ 0-1

[Event "HCL-T256"]
[Site "www.playchess.de"]
[Date "2006.02.14"]
[Round "13"]
[White "stevetilbury"]
[Black "gsmaior"]
[WhiteElo "1608"]
[BlackElo "2001"]
[PlyCount "40"]
[Result "0-1"]

1.e4 e5 2.f4 d5 {greetings from Brazil, a nice 
game to you !}  3.exd5 {Hello again  from London}  
c6 4.Nc3 exf4 5.Nf3 Bd6 6.d4 Ne7 7.dxc6 Nbxc6 
8.Bc4 O-O 9.Ne4 Bg4 10.O-O Bc7 11.c3 Nd5 12.Nc5 
Na5 13.Bd3 Re8 14.Qc2 Bxf3 15.Bxh7+ Kh8 16.Rxf3 
Re1+ 17.Rf1 Rxf1+ 18.Kxf1 Nc4 19.Qe4 Qg5 20.Qf5 
Nce3+ {the game was equal until your last move... 
but this movement of the queen is, in my opinion, 
very bad...}  0-1

[Event "HCL-A2498"]
[Site "www.playchess.de"]
[Date "2006.02.14"]
[Round "1"]
[White "Baldrick"]
[Black "kali"]
[WhiteElo "1719"]
[BlackElo "1456"]
[PlyCount "65"]
[Result "1-0"]

1.Nf3 Nf6 2.g3 g6 3.Bg2 Bg7 4.O-O O-O 5.d3 c6 
6.Nbd2 d5 7.Re1 Bg4 8.h3 Bxf3 9.Nxf3 Nbd7 10.e4 
dxe4 11.dxe4 e6 12.c4 Nc5 13.Qxd8 Raxd8 14.Bg5 h6 
15.Bxf6 {Happy Christmas!}  Bxf6 {Same to you!}  
16.e5 Be7 17.Rad1 Rxd1 18.Rxd1 Rd8 19.Rxd8+ Bxd8 
20.Ne1 Bc7 21.f4 Kf8 22.b3 {Thanks for the game!}  
Bb6 23.Kf1 {(offering draw) I offer another draw!} 
 Ke7 {No Thanks, too early}  24.Ke2 {No problem!}  
f6 25.exf6+ Kxf6 26.b4 Nd7 27.c5 Bc7 28.Nd3 e5 
29.b5 cxb5 30.Bxb7 exf4 31.gxf4 Kf5 32.Bc8 Ke6 
33.c6 1-0

[Event "HCL-A2598"]
[Site "www.playchess.de"]
[Date "2006.02.14"]
[Round "1"]
[White "dynamike"]
[Black "baggur"]
[WhiteElo "1442"]
[BlackElo "1600"]
[PlyCount "52"]
[Result "1-0"]

1.e4 c5 2.Nf3 d6 3.d4 cxd4 4.Nxd4 Nf6 5.Nc3 a6 
6.Be2 Nbd7 7.O-O g6 8.Be3 Bg7 9.f4 O-O 10.Bf3 Qc7 
11.a4 Nc5 12.Nd5 Nxd5 13.exd5 Bd7 14.c3 b5 15.Nc6 
Bxc6 16.dxc6 Rab8 17.a5 b4 18.Qe2 bxc3 19.bxc3 
Bxc3 20.Rab1 Bxa5 21.Bxc5 dxc5 22.Qxa6 Bb4 23.Rfd1 
Rfd8 24.Rxd8+ Rxd8 25.Qb7 Rc8 26.Rd1 
Rd8 1-0

[Event "HCL-C3952"]
[Site "www.playchess.de"]
[Date "2006.02.14"]
[Round "24"]
[White "Milosforman"]
[Black "JerryReneau"]
[WhiteElo "1011"]
[BlackElo "1117"]
[PlyCount "102"]
[Result "0-1"]

1.d4 d5 2.Nf3 Nf6 3.Bg5 e6 4.Bxf6 Qxf6 5.e3 c5 
6.Bb5+ Bd7 7.Bxd7+ Nxd7 8.dxc5 Bxc5 9.a3 Qxb2 
10.Nbd2 O-O 11.O-O Ne5 12.Nxe5 Qxe5 13.Nf3 Qd6 
14.Qd3 h6 15.Rab1 b6 16.a4 Rac8 17.Rfe1 Rfd8 18.e4 
dxe4 19.Rxe4 Qxd3 20.cxd3 Rxd3 21.Ne5 Rd4 22.Rxd4 
Bxd4 23.Nf3 e5 24.g3 Rb8 25.a5 f5 26.Nh4 f4 27.Nf5 
Bc5 28.axb6 Rxb6 29.Rxb6 axb6 30.gxf4 exf4 31.Kg2 
b5 32.Nh4 b4 33.Nf3 b3 34.Nd2 b2 35.Kf3 Bb4 36.Nb1 
g5 37.Ke4 Kg7 38.Kd3 Be7 39.Kc2 Bf6 40.Na3 Kg6 
41.Nc4 Kh5 42.Nxb2 Bxb2 43.Kxb2 Kg4 44.Kc2 Kf3 
45.Kd2 Kxf2 46.Kd3 Kf3 47.Kd4 h5 48.Ke5 g4 49.Kf5 
h4 50.Kg5 g3 51.hxg3 Kxg3 {Good Game} 
 0-1

[Event "HCL-C4082"]
[Site "www.playchess.de"]
[Date "2006.02.15"]
[Round "2"]
[White "Little_Liberty"]
[Black "Milosforman"]
[WhiteElo "1391"]
[BlackElo "918"]
[PlyCount "85"]
[Result "1-0"]

1.e4 {Hello from Germany!}  c5 2.Nf3 d6 3.Bb5+ Bd7 
4.Bxd7+ Qxd7 5.O-O e6 6.c3 Nc6 7.d4 c4 8.b3 cxb3 
9.axb3 Be7 10.Be3 d5 11.e5 f6 12.exf6 Nxf6 13.Nbd2 
a6 14.Bg5 h6 15.Bh4 g5 16.Bg3 Ne4 17.Nxe4 O-O-O 
18.Ne5 Qc7 19.Nf7 Qd7 20.Nxh8 Rxh8 21.f4 Rf8 
22.fxg5 Rxf1+ 23.Qxf1 hxg5 24.Qe2 dxe4 25.Qxe4 Qd5 
26.Qxd5 exd5 27.Bf2 a5 28.c4 dxc4 29.bxc4 Kd7 
30.g3 b6 31.h4 gxh4 32.gxh4 Nb4 33.h5 Bg5 34.Kg2 
Nc2 35.Ra2 Nb4 36.Rb2 Bc1 37.Re2 a4 38.Be3 Bxe3 
39.Rxe3 Nc2 40.Rc3 Nb4 41.h6 Nc6 42.h7 Nxd4 
43.Rd3 1-0

[Event "HCL-B3852"]
[Site "www.playchess.de"]
[Date "2006.02.15"]
[Round "7"]
[White "knightprancer"]
[Black "ama49"]
[WhiteElo "1243"]
[BlackElo "1194"]
[PlyCount "53"]
[Result "1-0"]

1.b4 {Nice to see you again ,all the best !}  e6 
{Thanks and good luck.}  2.b5 d5 3.Bb2 Nf6 4.Nf3 
c6 5.a4 a6 6.g3 Be7 7.Nc3 O-O 8.Bg2 axb5 9.axb5 
Rxa1 10.Qxa1 Nbd7 11.O-O h6 12.d4 c5 13.e3 b6 
14.Qd1 {have you ever tasted the soft drink called 
Iron Brae ,i mispelt that..sorry ,orange flavoured 
.Very tasty !}  Bb7 15.Ne5 {That soda drink is 
imported from Scotland.Some grocery stores now 
carry it and at a local fish and chip shop the 
owners are scotch and that is where i first tried 
it .}  Nxe5 {It is our new national drink!! [made 
from girders - is the advert!]}  16.dxe5 {huh,what 
is a girder ?}  Nd7 {Large metal [iron] bars.}  
17.Ne2 {huh ,ha ha ha very funny ,now seriously 
,i'am talking about a soda pop not iron building 
material!}  Nxe5 {If you drink the stuff you would 
be strong enough to carry these girders!! See 
website or type into Google http://en.wikipedia.org/wiki/Irn_Bru} 
 18.Bxe5 {thanks i'll do that !}  Bd6 19.Bxd6 Qxd6 
20.c4 Rd8 21.cxd5 Bxd5 22.Bxd5 exd5 23.Qa1 c4 
24.Nd4 Qc5 25.Rc1 Qd6 26.Nf5 Qe6 
27.Qxg7+ 1-0

[Event "HCL-C4083"]
[Site "www.playchess.de"]
[Date "2006.02.15"]
[Round "2"]
[White "dhbruch"]
[Black "Milosforman"]
[WhiteElo "1084"]
[BlackElo "908"]
[PlyCount "25"]
[Result "1-0"]

1.e4 c5 2.Nf3 d6 3.Nc3 Bg4 4.h3 Bh5 5.Bb5+ Nd7 
6.d3 e6 7.Bg5 f6 8.Bh4 Ne7 9.g4 Bf7 10.Qd2 a6 
11.e5 dxe5 12.Ne4 axb5 13.Nd6+ 1-0

[Event "HCL-E1525"]
[Site "www.playchess.de"]
[Date "2006.02.15"]
[Round "26"]
[White "Matu"]
[Black "PieceSeeker3"]
[WhiteElo "1538"]
[BlackElo "1596"]
[PlyCount "87"]
[Result "1-0"]

1.e4 c5 2.c3 Nc6 3.d4 cxd4 4.cxd4 d5 5.e5 e6 6.Nf3 
Qb6 7.Nc3 a6 8.a3 Nge7 9.b4 Nf5 10.Be3 Nxe3 
11.fxe3 Be7 12.Bd3 Bd7 13.O-O O-O-O 14.Qc2 f5 
15.exf6 gxf6 16.b5 axb5 17.Bxb5 Kb8 18.a4 Nb4 
19.Qb3 Nc6 20.a5 Nxa5 21.Qa4 Bxb5 22.Nxb5 Qa6 
23.Qxa5 Bd6 24.Qxa6 bxa6 25.Rxa6 Bc7 26.Nxc7 Kxc7 
27.Rxe6 Rdf8 28.Rc1+ Kd7 29.Rcc6 Rfc8 30.Rxc8 Rxc8 
31.Rxf6 Rc1+ 32.Kf2 Rc2+ 33.Kg3 Ke7 34.Rh6 Re2 
35.Rxh7+ Kf6 36.Rh6+ Kg7 37.Rd6 Rxe3 38.Rxd5 Kf6 
39.h4 Kg6 40.Rd8 Re4 41.d5 Kf6 42.d6 Re3 43.Kf4 
Re2 44.g4 1-0

[Event "HCL-E1561"]
[Site "www.playchess.de"]
[Date "2006.02.15"]
[Round "27"]
[White "pkchess"]
[Black "ippuli"]
[WhiteElo "1674"]
[BlackElo "1579"]
[PlyCount "39"]
[Result "1-0"]

1.e4 {Hello.Have a good game!}  e5 {You, too! 
:-))}  2.Nf3 f5 3.Nxe5 Qf6 4.d4 d6 5.Nc4 fxe4 
6.Nc3 Qg6 7.Nd5 Kd8 8.Nf4 Qf7 9.Be3 Nf6 10.Ne5 Qe8 
11.Bc4 dxe5 12.dxe5+ Qd7 13.Qe2 Qg4 14.Rd1+ Ke8 
15.f3 Qh4+ {Nice....}  16.g3 exf3 17.Bf7+ Kxf7 
{Aijaijai...}  18.Qc4+ Ke8 19.gxh4 Ng4 
20.Qxc7 1-0

[Event "HCL-C4153"]
[Site "www.playchess.de"]
[Date "2006.02.15"]
[Round "21"]
[White "Milosforman"]
[Black "spartan1"]
[WhiteElo "950"]
[BlackElo "883"]
[PlyCount "36"]
[Result "0-1"]

1.d4 d5 2.Nc3 h6 3.e3 c6 4.Bd3 Nf6 5.Nf3 Bg4 6.h3 
Bxf3 7.Qxf3 e6 8.Ne2 Bd6 9.Bd2 c5 10.dxc5 Bxc5 
11.Bb5+ Nbd7 12.b4 Ne4 13.Bc3 Nxc3 14.Nxc3 Bxb4 
15.e4 Rc8 16.Bxd7+ Qxd7 17.Kd2 Bxc3+ 18.Kc1 
Bxa1 0-1

[Event "HCL-B3771"]
[Site "www.playchess.de"]
[Date "2006.02.15"]
[Round "1"]
[White "unclcarle"]
[Black "dc"]
[WhiteElo "1099"]
[BlackElo "892"]
[PlyCount "46"]
[Result "0-1"]

1.e4 e5 2.Nf3 Nc6 3.Bb5 a6 4.Bxc6 dxc6 5.Nxe5 Qe7 
6.d4 f6 7.Nc4 b5 8.Ne3 Qxe4 9.O-O Bd6 10.Re1 Ne7 
11.Nc3 Qg6 12.Qf3 O-O 13.h3 h5 14.a4 Nd5 15.Ncxd5 
cxd5 16.Qxd5+ Rf7 17.Qxa8 Rf8 18.Qd5+ Kh8 19.axb5 
Bxh3 20.b6 Bf4 21.Nf1 c6 22.Qxc6 Rc8 23.Qa4 {This 
is gettting interesting}  Qxg2+ {But alas, it is 
over.  Good game.}  0-1

[Event "HCL-C4142"]
[Site "www.playchess.de"]
[Date "2006.02.15"]
[Round "9"]
[White "aussie"]
[Black "mane_twice"]
[WhiteElo "1114"]
[BlackElo "1241"]
[PlyCount "64"]
[Result "0-1"]

1.e4 c5 2.Nf3 {greetings from New Jersey & good 
luck}  Nc6 3.d4 cxd4 4.Nxd4 Nf6 5.Nc3 e5 6.Nxc6 
bxc6 7.Bc4 Bb7 8.Bg5 Be7 9.O-O O-O 10.a3 d6 11.b4 
Rc8 12.Re1 Ne8 13.Be3 a6 14.a4 Nf6 15.a5 d5 
16.exd5 cxd5 17.Bb6 Qd6 18.Bc5 Rxc5 19.bxc5 Qxc5 
20.Rxe5 Qxc4 21.Rxe7 Bc6 22.Qd3 Qc5 23.Rc7 Re8 
24.h3 g6 25.Ne2 Qd6 26.Ra7 Bb5 27.Qd4 Rxe2 28.Qh4 
Kg7 29.Rb7 Qe5 30.Rxb5 Qxa1+ 31.Kh2 axb5 32.Qc4 
bxc4 0-1

[Event "HCL-C4095"]
[Site "www.playchess.de"]
[Date "2006.02.15"]
[Round "10"]
[White "alauddin"]
[Black "epenz"]
[WhiteElo "977"]
[BlackElo "1024"]
[PlyCount "46"]
[Result "0-1"]

1.e4 {Hello again!}  e5 {hello}  2.Nf3 Nc6 3.Nc3 
Nf6 4.Bc4 h6 5.d4 d6 6.dxe5 dxe5 7.Qxd8+ Nxd8 
8.Nxe5 Ne6 9.Bxe6 Bxe6 10.O-O Bd6 11.Bf4 O-O 
12.Rad1 Rfd8 13.Nb5 Bxe5 14.Bxe5 c6 15.Nc7 Rxd1 
16.Rxd1 Rf8 17.Rd3 Nxe4 18.Re3 Nc5 19.Rg3 f6 
20.Bd4 b6 21.Bxc5 bxc5 22.Nxe6 Re8 23.Nxg7 
Re1+ 0-1

[Event "HCL-C4059"]
[Site "www.playchess.de"]
[Date "2006.02.15"]
[Round "9"]
[White "epenz"]
[Black "Ezekiel283"]
[WhiteElo "993"]
[BlackElo "800"]
[PlyCount "29"]
[Result "1-0"]

1.e4 {hi}  c5 2.Nf3 d6 3.Bc4 e6 4.d3 Nf6 5.h3 Qb6 
6.O-O Bd7 7.Re1 Bc6 8.a3 d5 9.e5 Be7 10.Ba2 Nfd7 
11.c4 f5 12.cxd5 Bxd5 13.Bxd5 exd5 14.Nbd2 c4 
15.d4 1-0

[Event "HCL-M847"]
[Site "www.playchess.de"]
[Date "2006.02.15"]
[Round "7"]
[White "temple"]
[Black "Lan"]
[WhiteElo "1754"]
[BlackElo "2038"]
[PlyCount "62"]
[Result "0-1"]

1.d4 {Hello again.}  d5 {Hi:)}  2.c4 dxc4 3.Nc3 a6 
4.a4 e5 5.dxe5 Qxd1+ 6.Kxd1 Be6 7.Nf3 Bc5 8.e3 Nc6 
9.Bd2 Rd8 10.h3 Nge7 11.Rc1 Bb4 12.g3 O-O 13.Bg2 
f6 14.exf6 Rxf6 15.Ke2 Rff8 16.Rhd1 {Happy New 
Year!}  Bf5 {Same to you! Thx:)}  17.Kf1 Ng6 
18.Kg1 Nge5 19.Nxe5 Nxe5 20.Nd5 Bxd2 21.Rxd2 Bxh3 
22.Ne7+ Kf7 23.Rxd8 Rxd8 24.Bxh3 Kxe7 25.Bg2 b5 
26.axb5 axb5 27.b3 cxb3 28.Rb1 Rd3 29.Bf1 Rc3 
30.Bxb5 Nf3+ 31.Kg2 Nd2 0-1

[Event "HCL-M844"]
[Site "www.playchess.de"]
[Date "2006.02.15"]
[Round "23"]
[White "DeepFrank"]
[Black "Munny"]
[WhiteElo "2097"]
[BlackElo "1767"]
[PlyCount "37"]
[Result "1-0"]

1.d4 Nf6 2.c4 {Hi and good game!}  g6 3.Nc3 Bg7 
{Tach!}  4.e4 {Mojen, Mojen!}  d6 5.g3 O-O 6.Bg2 
e5 7.Nge2 exd4 8.Nxd4 Nbd7 9.O-O Re8 10.f3 c6 
11.Be3 d5 12.cxd5 cxd5 13.Nb3 dxe4 14.fxe4 Qe7 
15.Rc1 Ne5 16.Bg5 h6 17.Bxf6 Bxf6 18.Nd5 Qd8 
19.Nxf6+ 1-0

[Event "HCL-A2544"]
[Site "www.playchess.de"]
[Date "2006.02.15"]
[Round "5"]
[White "jerrylaine"]
[Black "FighterFights"]
[WhiteElo "1585"]
[BlackElo "1887"]
[PlyCount "68"]
[Result "0-1"]

1.e4 {Greetings from Finland!}  c5 {same from 
India. Best of luck.}  2.c3 Nf6 3.e5 Nd5 4.d4 cxd4 
5.cxd4 Nc6 6.Nf3 e6 7.Nc3 Nxc3 8.bxc3 d6 9.Bf4 
dxe5 10.Nxe5 a6 11.Bd3 Nxe5 12.Bxe5 Bd7 13.Be4 Qc8 
14.Qd3 f6 15.Bg3 Bb5 16.Qc2 f5 17.Bd3 Bc6 18.O-O 
Be7 19.Qe2 Kf7 20.Rfe1 Re8 21.Bf4 Qd7 22.Qh5+ Kg8 
23.Bc4 Bd5 24.Bxd5 Qxd5 25.Be5 Rec8 26.Qh3 b5 
27.Qg3 {(offering draw)}  Bf8 28.Re2 Rc6 29.f4 
Rac8 30.Re3 a5 31.a3 Qb3 32.d5 exd5 33.h4 Rg6 
34.Qe1 Bxa3 0-1

[Event "HCL-E1508"]
[Site "www.playchess.de"]
[Date "2006.02.15"]
[Round "13"]
[White "ggaarrii"]
[Black "richard"]
[WhiteElo "1730"]
[BlackElo "1710"]
[PlyCount "108"]
[Result "0-1"]

1.e4 c5 2.Nf3 e6 3.d4 cxd4 4.Nxd4 a6 5.Bd3 Nc6 
6.Nxc6 dxc6 7.Nd2 Qc7 8.Nf3 Bd6 9.O-O Nf6 10.Bg5 
Nd7 11.Qd2 Ne5 12.Nxe5 Bxe5 13.f4 Bxb2 14.Rad1 
Bd4+ 15.Kh1 f6 16.Bh4 O-O 17.e5 fxe5 18.fxe5 Rxf1+ 
19.Rxf1 Qxe5 20.Bg3 Qd5 21.c4 Qc5 22.Qf4 Bf6 
23.Qe4 Qh5 24.Bd6 e5 25.h3 Be6 26.Kh2 Rd8 27.c5 
Bxa2 28.g4 Qh6 29.Rf2 Bd5 30.Bc4 Bxc4 {please more 
trading}  31.Qxc4+ Kh8 32.Qf7 e4 {push the passer} 
 33.Be7 Qh4 34.Qxf6 gxf6 35.Bxf6+ Qxf6 36.Rxf6 Kg8 
37.Re6 Rd5 38.Re7 e3 39.Kg2 Rxc5 {If I make no 
mistakes I think I win}  40.Rxb7 Re5 41.Kf1 {If my 
granny had di.k she would join the army :-)}  e2+ 
42.Ke1 a5 43.Rb6 c5 {push those passers}  44.Rb5 
a4 45.Ra5 Re4 {I like my a pawn better than the c 
pawn}  46.Rxc5 {say yes, you had to choose...}  a3 
{This I expected. What I feared was Ra7}  47.Ra5 
Re3 {also anticipated}  48.h4 Rh3 {interesting 
endgame. very instructive. can you escape with a 
draw? I do not see how.}  49.Ra8+ Kf7 50.Ra7+ Ke6 
{This is your best shot, but by my calculation it 
will not work.}  51.h5 {you are right, but just in 
case i will play ... you're not FRITZ}  Rh1+ {play 
on my friend}  52.Kxe2 a2 53.Ra6+ Ke5 54.Ra5+ Kf4 
{I plan to hide my king behind your g pawn at h4 
and then promote my a pawn}  0-1

[Event "HCL-A2595"]
[Site "www.playchess.de"]
[Date "2006.02.15"]
[Round "5"]
[White "PhilipKaveny"]
[Black "sucram"]
[WhiteElo "1396"]
[BlackElo "1259"]
[PlyCount "29"]
[Result "1-0"]

1.e4 e5 2.Bc4 Nf6 3.Nf3 Nc6 4.Ng5 d5 5.exd5 Nxd5 
6.Nxf7 Kxf7 7.Qf3+ Ke6 8.Nc3 Nce7 9.O-O c6 10.d4 
Ng6 11.Ne4 b5 12.Ng5+ Kd7 13.Bxd5 cxd5 14.Qxd5+ 
Kc7 15.Qxa8 1-0

[Event "HCL-E1525"]
[Site "www.playchess.de"]
[Date "2006.02.15"]
[Round "31"]
[White "Emerson"]
[Black "richard"]
[WhiteElo "1802"]
[BlackElo "1755"]
[PlyCount "80"]
[Result "0-1"]

1.d4 {welcome and good luck! Norbert}  f5 {hi}  
2.g3 g6 3.Bg2 Nf6 4.Nc3 Bg7 5.e4 fxe4 6.Nxe4 Nxe4 
7.Bxe4 d5 8.Bg2 O-O 9.f4 Qd6 10.Nf3 Bf5 11.O-O Nd7 
12.Re1 c5 13.c3 Rac8 14.Be3 c4 15.Bf2 Nf6 16.h3 b5 
17.g4 Be4 18.Qd2 b4 19.cxb4 Rcb8 20.a3 a5 21.bxa5 
Rb3 22.Re3 Rfb8 23.Rxb3 Rxb3 24.Ne5 Bxg2 {you are 
the big cheese in this tournament. Do I have a 
chance? Am I being too agressive?}  25.Kxg2 {well, 
I hope "the big cheese" will not be eaten by "the 
little mouse". I play relaxed - I see what I see, 
that´s it. You were perhaps a little bit too 
agressive. But we´ll see.
:-)}  Ne4 26.Qc2 Qb8 27.Ra2 Qf8 {Your rook is now 
pathetically placed. This may be good for black.}  
28.a6 {o yes, my poor rook   :-((
very difficult position for me   
:-((
I hope I have a little chance :-))}  Bxe5 29.dxe5 
Qh6 30.h4 Qxf4 31.a7 {grrk...}  Qxg4+ 32.Kf1 Qc8 
33.Ke1 Qa6 34.Bg1 Rg3 35.Qh2 Qa5+ {closing in}  
36.Kf1 {that´s life > the "mouse" is eating the 
"cheese"
:-((}  Rd3 {still lots of ways for black to screw 
up}  37.Qf4 Ng3+ 38.Kg2 {my walk to nirwana...}  
d4 {one little mistake you are waiting for. OTB I 
probably would, but with the chance to move the 
pieces around I can so far find my way.}  39.e6 
{the last that dies is hope...}  Qd5+ {hope is 
next to last to die}  40.Kf2 {dead man walking...} 
 Nh1+ 0-1

[Event "HCL-C4083"]
[Site "www.playchess.de"]
[Date "2006.02.15"]
[Round "8"]
[White "Linman2"]
[Black "Thrustnicely"]
[WhiteElo "800"]
[BlackElo "954"]
[PlyCount "57"]
[Result "1-0"]

1.e4 e5 2.Nf3 f6 3.Bc4 Ne7 4.O-O d6 5.d4 Nbc6 
6.dxe5 Nxe5 7.Nxe5 fxe5 8.f4 h5 9.fxe5 Ng6 10.Bf7+ 
Kd7 11.e6+ Kc6 12.Qd5+ Kb6 13.Be3+ c5 14.Bxc5+ Ka6 
15.Bxg6 Be7 16.Be3 Rb8 17.e5 dxe5 18.Bd3+ b5 
19.Qc6+ Rb6 20.Bxb5+ Ka5 {"every day's a struggle 
"}  21.Bxb6+ axb6 22.Qc4 Qd4+ {with my last breath 
 - i stab at thee}  23.Qxd4 {:-)}  exd4 24.Bd7 d3 
25.cxd3 Bf6 26.Nc3 Bxd7 27.exd7 Rd8 28.Rf5+ Kb4 
29.Rb5+ 1-0

[Event "HCL-A2587"]
[Site "www.playchess.de"]
[Date "2006.02.15"]
[Round "4"]
[White "dynamike"]
[Black "foinaven"]
[WhiteElo "1442"]
[BlackElo "1453"]
[PlyCount "68"]
[Result "0-1"]

1.e4 c5 2.Nf3 Nc6 3.d4 cxd4 4.Nxd4 Nf6 5.Nc3 d6 
6.Be2 g6 7.f4 Bg7 8.Be3 O-O 9.O-O Qb6 10.Qd2 Nxe4 
11.Nxc6 Nxd2 12.Nxe7+ Kh8 {that was a surprise}  
13.Bxb6 Nxf1 14.Rxf1 Bxc3 15.bxc3 axb6 16.Bc4 Be6 
17.Bb3 Rfe8 18.Nd5 Bxd5 19.Bxd5 Re2 20.Bxf7 Rxc2 
21.Rd1 Rxc3 22.Rxd6 b5 23.Rb6 Rd8 24.h3 Rd2 
25.Rxb5 Rcc2 26.Bd5 b6 27.a4 Rc1+ 28.Kh2 Rc5 
29.Rxc5 bxc5 30.Bb3 Rb2 31.Bc4 Rb4 32.Bb5 c4 
33.Kg1 c3 34.Bd3 Rb2 0-1

[Event "HCL-B3673"]
[Site "www.playchess.de"]
[Date "2006.02.15"]
[Round "12"]
[White "Korto"]
[Black "Tofik"]
[WhiteElo "1267"]
[BlackElo "1378"]
[PlyCount "123"]
[Result "1-0"]

1.d4 Nf6 2.Nf3 g6 3.Nbd2 Bg7 4.e4 d5 5.e5 Nfd7 
6.c4 c6 7.Bd3 f6 8.e6 Nf8 9.cxd5 cxd5 10.Qa4+ Nc6 
11.Bb5 Qd6 12.O-O Nxe6 13.b3 O-O 14.Ba3 Qc7 
15.Rac1 Bd7 16.Bxe7 Rf7 17.Ba3 f5 18.Ne5 Bxe5 
19.dxe5 Qxe5 20.Nf3 Qe4 21.b4 a6 22.Rfe1 Qf4 
23.Bxc6 Bxc6 24.Rxc6 bxc6 25.Rxe6 Rc7 26.Rxc6 Rxc6 
27.Qxc6 Rd8 28.Qxa6 d4 29.Qc4+ Kf8 30.b5+ Ke8 
31.Qg8+ Kd7 32.Qxh7+ Kc8 33.b6 d3 34.Qxg6 d2 
35.Qc6+ Kb8 36.Nxd2 Rxd2 37.Qe8+ Kb7 38.Qe1 Rxa2 
39.g3 Qd4 40.Bc1 Ra1 41.Kg2 Qxb6 42.Qe7+ Ka6 
43.Be3 Qc6+ 44.Kh3 Ra4 45.Qa7+ Kb5 46.Qb8+ Kc4 
47.Qf4+ Kb3 48.Qxf5 Qa6 49.g4 Qe2 50.Kg3 Qd1 
51.Kh4 Qd8+ 52.Qg5 Qh8+ 53.Kg3 Qb8+ 54.Bf4 Qb7 
55.h4 Ka2 56.h5 Ra3+ 57.Be3 Qc7+ 58.Qf4 Qc6 
59.Qf7+ Rb3 60.h6 Qxh6 61.Qxb3+ {??}  Kxb3 {ooups 
:)) any way this game was lost...}  
62.Bxh6 1-0

[Event "HCL-A2587"]
[Site "www.playchess.de"]
[Date "2006.02.15"]
[Round "2"]
[White "baggur"]
[Black "dynamike"]
[WhiteElo "1600"]
[BlackElo "1442"]
[PlyCount "57"]
[Result "1-0"]

1.e4 {hi}  c5 2.Nf3 e6 3.d4 cxd4 4.Nxd4 a6 5.Nc3 
Qc7 6.Be2 Bb4 7.Bd2 Nf6 8.f3 O-O 9.a3 Bd6 10.Bg5 
Ne8 11.Qd2 f6 12.Be3 Bxh2 13.O-O-O g5 14.Bxg5 fxg5 
15.Qxg5+ Ng7 16.Qh4 Bf4+ 17.Kb1 h6 18.g3 Bg5 
19.Qg4 d5 20.f4 e5 21.Nf5 dxe4 22.fxg5 Bxf5 23.Qh4 
hxg5 24.Qxg5 Be6 25.Nxe4 Nd7 26.Nd6 Rac8 27.Bd3 
Bf5 28.Nxf5 Rxf5 29.Bxf5 1-0